Capital Cities - Degree of Difficulty 2.0 - Statistics

General Stats
  • This quiz has been taken 188 times
  • The average score is 17 of 20
Answer Stats
country capital % Correct
Croatia Zagreb
96%
Indonesia Jakarta
94%
Algeria Algiers
93%
Kenya Nairobi
91%
Estonia Tallinn
91%
Kuwait Kuwait City
88%
Ecuador Quito
88%
Latvia Riga
88%
Bosnia & Herzegovina Sarajevo
88%
Haiti Port-au-Prince
87%
El Salvador San Salvador
86%
North Korea Pyongyang
83%
Nepal Kathmandu
82%
Malaysia Kuala Lumpur
81%
Pakistan Islamabad
80%
Philippines Manila
80%
Syria Damascus
75%
Vietnam Hanoi
73%
United Arab Emirates Abu Dhabi
70%
Guyana Georgetown
67%
No matching quizzes found
Score Distribution
Percent of People with Each Score
Percentile by Number Answered
Your Score History
You have not taken this quiz